000 nam a22 7a 4500
999 _c17350
_d17350
008 161123b xxu||||| |||| 00| 0 eng d
020 _a9781119134114
050 _aGE 105 .H36 2015
100 _aHassenzahl, David M.
_d2015
245 _aVisualizing Environmental Sciences/
_cDavid M. Hassenzahl; Mary Catherine Hager; Linda R. Berg
250 _a4th ed
260 _aUSA:
_bJohn Wiley & Sons,
_c2013.
300 _axxxiii,492p.:
_bill.;
_c28cm.
521 _aIncludes index.
650 _aEnvironmental Science.
700 _aHager, Mary Catherine
700 _aBerg, Linda R.
942 _2lcc
_cBOOKS
_hGE 105 .H36 2015